Zoznam padlých vojakov rakúsko-uhorského pešieho pluku č. 67

Podrobná bibliografia
Hlavný autor: Turik, Radoslav, 1980- (Autor)
Médium: Kniha
Jazyk:slovenčina
Fyzický popis:140 strán grafy, ilustrácie, mapy, tabuľky 30 cm
Vydavateľské údaje: Humenné Klub vojenskej histórie Beskydy 2021
ISBN:9788097344443
Edícia:Zoznamy
Predmet:

MARC

LEADER 00000cam a2200000 4500
001 vtls012084126
003 SK-MaSNL
005 20260302024845.0
008 220120s2021 xo dab g 000 0 slo
015 |a SNBA2022/08 
020 |a 9788097344443  |q (brožované) 
040 |a SNK  |b slo  |c SNK  |e rda 
041 0 |a slo 
043 |a e-au---  |a e-hu--- 
044 |a xo  |c SK 
072 7 |a 355/359  |x Vojenstvo. Obrana krajiny. Ozbrojené sily  |2 konspekt 
080 |a 355.1-058.65  |2 2011 
080 |a 94(100)"1914/1918"  |2 2011 
080 |a 930:355/359  |2 2011 
080 |a (436+439)  |2 2011 
080 |a (083.8)  |2 2011 
100 1 |a Turik, Radoslav,  |d 1980-  |4 aut  |9 162939 
245 1 0 |a Zoznam padlých vojakov rakúsko-uhorského pešieho pluku č. 67  |c Radoslav Turik 
264 1 |a Humenné  |b Klub vojenskej histórie Beskydy  |c 2021 
300 |a 140 strán  |b grafy, ilustrácie, mapy, tabuľky  |c 30 cm 
336 |a text  |b txt  |2 rdacontent 
337 |a bez média  |b n  |2 rdamedia 
338 |a zväzok  |b nc  |2 rdacarrier 
490 1 |a Zoznamy 
500 |a Miesto vydania podľa údajov NA ISBN: Topoľovka 
504 |a Obsahuje bibliografiu na strane 238, bibliografické odkazy 
610 1 7 |a Prešovský peší pluk č. 67  |2 SNKKA  |9 673404 
650 0 7 |a vojnové obete  |2 SNKPH  |9 116047 
650 0 7 |a prvá svetová vojna (1914-1918)  |2 SNKPH  |9 162650 
650 0 7 |a vojenská historiografia  |2 SNKPH  |9 74711 
650 0 7 |a War victims  |2 SNKPHeng  |9 355920 
650 0 7 |a World War (1914-1918)  |2 SNKPHeng  |9 293703 
650 0 7 |a Military historiography  |2 SNKPHeng  |9 347343 
650 0 7 |a pešie pluky  |2 SNKPH  |9 211366 
651 7 |a Rakúsko-Uhorsko  |2 SNKPHgeo  |9 36860 
651 7 |a Austro-Hungarian Monarchy  |2 SNKPHeng  |9 283186 
655 7 |a registre  |2 SNKPH  |9 70556 
655 7 |a Indexes  |2 SNKPHeng  |9 313156 
830 0 |a Zoznamy  |9 673405 
919 |a 978-80-973444-4-3 
958 |a NB 
999 |c 1042017  |d 1043947 
952 |a SNK  |b SNK  |y PREZ  |7 0  |p 17A1478291  |o snkSB 97644  |i snk2022/1052  |8 0  |0 0  |1 0  |4 0  |d 2022-01-20  |f 1  |l 0  |r 2025-05-16 00:00:00  |w 2026-02-24 
952 |a SNK  |b SNK  |y VYP  |7 0  |p 17A1478290  |o snkSB 97644 D1  |i snk2022/1054  |8 0  |0 0  |1 0  |4 0  |d 2022-01-20  |l 0  |r 2026-02-24 14:27:45  |w 2026-02-24